000 00591cam a2200229 a 4500
001 2877222
005 20180201100202.0
008 860128s1987 njua b 001 0 eng
010 _a 86000587
020 _a0136410936
040 _aDLC
_cDLC
_dDLC
041 _aeng
043 _an-us---
080 _a371.2 rob
082 0 0 _a371.2 rob
_219
100 1 _a46
101 _aedu
245 1 0 _aOrganizational behavior in education /
_cRobert G. Owens.
504 _aIncludes bibliographies and indexes.
906 _a7
_bcbc
_corignew
_d1
_eocip
_f19
_gy-gencatlg
942 _2ddc
_cBK
999 _c41574
_d41574